[Event "Wch Seniors 50 31st"]
[Site "Terassini"]
[Date "2023.10.30"]
[Round "6"]
[White "Stets, Vasilij"]
[Black "Mohr, Georg"]
[Result "1-0"]
[WhiteElo "2169"]
[BlackElo "2430"]
[PlyCount "53"]
[EventDate "2023.10.25"]
[EventType "swiss"]
[EventRounds "11"]
[EventCountry "ITA"]
[SourceTitle "Mega2024 Update 01"]
[Source "Chessbase"]
[SourceDate "2023.11.12"]
[SourceVersion "1"]
[SourceVersionDate "2023.11.12"]
[SourceQuality "1"]

1. d4 d6 2. Nf3 g6 3. e4 Bg7 4. Nc3 a6 5. Be3 b5 6. Qd2 Bb7 7. a4 b4 8. Nd5 a5 9. Bd3 e6 10. Nf4 Nf6 11. e5 Ng4 12. 0-0-0 0-0 13. h4 dxe5 14. dxe5 Nd7 15. Bxg6 Ndxe5 16. Qxd8 Rfxd8 17. Nxe5 Bxe5 18. Bh5 Nxf2 19. Rxd8+ Rxd8 20. Rf1 Ne4 21. Nd3 Bf6 22. Nc5 Nxc5 23. Rxf6 Nxa4 24. Rxf7 Rd5 25. Bh6 Rf5 26. Rg7+ Kf8 27. Rd7+ 1-0

[Event "Malakhatko Memorial op"]
[Site "Chess.com INT"]
[Date "2023.06.14"]
[Round "6"]
[White "Dovzhenko, Viktor"]
[Black "Stets, Vasilij"]
[Result "0-1"]
[WhiteElo "2013"]
[BlackElo "2200"]
[PlyCount "134"]
[EventDate "2023.06.14"]
[EventType "swiss (blitz)"]
[EventRounds "11"]
[EventCountry "USA"]
[SourceTitle "CBM 214 Extra"]
[Source "ChessBase"]
[SourceDate "2023.07.31"]
[SourceVersion "1"]
[SourceVersionDate "2023.07.31"]
[SourceQuality "1"]

1. e4 c5 2. Nf3 g6 3. h4 h5 4. Ng5 Bg7 5. Qf3 f6 6. Nh3 Nc6 7. c4 Nd4 8. Qd1 d6 9. Nf4 Kf7 10. Nc3 e6 11. d3 Ne7 12. Be3 Nec6 13. Rc1 a6 14. g4 hxg4 15. Qxg4 Ne5 16. Qg2 Bd7 17. Bxd4 cxd4 18. Nce2 Qa5+ 19. Kd1 Bh6 20. a3 Qa4+ 21. Ke1 Rhg8 22. Qg3 Qb3 23. Bh3 g5 24. hxg5 Rxg5 25. Qh4 Nf3+ 26. Kf1 Nxh4 27. Bxe6+ Bxe6 28. Rxh4 Rh8 29. Nxd4 Qxb2 30. Nde2 Bg4 31. Re1 Bxe2+ 32. Nxe2 Bg7 33. Rxh8 Bxh8 34. Ng3 Qxa3 35. Nf5 Qxd3+ 36. Re2 Rxf5 37. exf5 Qxc4 38. Ke1 Qxe2+ 39. Kxe2 Ke7 40. Kd3 Kd7 41. Kc4 Kc6 42. Kd4 Bg7 43. Ke4 Bh6 44. Kd4 b5 45. Ke4 a5 46. Kd4 a4 47. Ke4 Kc5 48. Kd3 b4 49. Kc2 Kc4 50. Kb2 Bf4 51. Kc2 Be5 52. f4 Bxf4 53. Kb2 Be5+ 54. Ka2 d5 55. Kb1 Kb3 56. Kc1 a3 57. Kd2 a2 58. Kd3 a1Q 59. Ke3 Qd4+ 60. Kf3 Qe4+ 61. Kf2 Qxf5+ 62. Ke3 Qe4+ 63. Kf2 Kc3 64. Kf1 Kd2 65. Kf2 Qf4+ 66. Kg2 Ke2 67. Kg1 Qf1# 0-1

[Event "Malakhatko Memorial op"]
[Site "Chess.com INT"]
[Date "2023.06.14"]
[Round "3"]
[White "Stets, Vasilij"]
[Black "Golichenko, Ilja"]
[Result "0-1"]
[WhiteElo "2200"]
[BlackElo "2427"]
[PlyCount "66"]
[EventDate "2023.06.14"]
[EventType "swiss (blitz)"]
[EventRounds "11"]
[EventCountry "USA"]
[SourceTitle "CBM 214 Extra"]
[Source "ChessBase"]
[SourceDate "2023.07.31"]
[SourceVersion "1"]
[SourceVersionDate "2023.07.31"]
[SourceQuality "1"]

1. d4 Nf6 2. Bf4 e6 3. e3 b6 4. Nd2 Bb7 5. Ngf3 c5 6. c3 d6 7. h3 Nbd7 8. a4 Be7 9. a5 0-0 10. Qa4 Qc7 11. a6 Bc6 12. Bb5 Bxb5 13. Qxb5 e5 14. dxe5 dxe5 15. Bh2 Rfe8 16. 0-0 Bf8 17. Nc4 Re6 18. Rfd1 Rae8 19. Rd2 Qc8 20. Rad1 Nb8 21. Nfxe5 Nxa6 22. Ra1 Nc7 23. Qb3 b5 24. Nd6 Bxd6 25. Rxd6 Rxd6 26. Qxf7+ Kh8 27. Ng6+ hxg6 28. Bxd6 Ne6 29. Rxa7 Rd8 30. Be5 Rd7 31. Qxg6 Rxa7 32. Bxf6 gxf6 33. Qxf6+ Rg7 0-1

[Event "Malakhatko Memorial op"]
[Site "Chess.com INT"]
[Date "2023.06.14"]
[Round "5"]
[White "Stets, Vasilij"]
[Black "Muchychca, Sergey"]
[Result "1-0"]
[WhiteElo "2200"]
[BlackElo "1773"]
[PlyCount "77"]
[EventDate "2023.06.14"]
[EventType "swiss (blitz)"]
[EventRounds "11"]
[EventCountry "USA"]
[SourceTitle "CBM 214 Extra"]
[Source "ChessBase"]
[SourceDate "2023.07.31"]
[SourceVersion "1"]
[SourceVersionDate "2023.07.31"]
[SourceQuality "1"]

1. d4 Nf6 2. Bf4 g6 3. e3 Bg7 4. Nf3 0-0 5. Be2 d6 6. h3 Nc6 7. 0-0 e5 8. dxe5 Ne4 9. Nbd2 Nxd2 10. Qxd2 dxe5 11. Qxd8 Rxd8 12. Bg5 f6 13. Bc4+ Kf8 14. Bh4 Bf5 15. Bb3 a5 16. a4 Nb4 17. Rac1 Be4 18. Ne1 c6 19. f3 Bd5 20. e4 Bxb3 21. cxb3 Rd2 22. Rf2 Rad8 23. Kf1 g5 24. Bg3 Kf7 25. Nc2 Rxf2+ 26. Bxf2 Nd3 27. Rd1 Ke8 28. Bb6 Rd7 29. Ne3 Nxb2 30. Rxd7 Kxd7 31. Bxa5 Bf8 32. Ke2 b5 33. Bc3 Ba3 34. axb5 cxb5 35. Nd5 Ke6 36. g4 b4 37. Nxb4 h6 38. Kd2 Bxb4 39. Bxb4 1-0

[Event "Wch Seniors 50 29th"]
[Site "Bucharest"]
[Date "2019.11.23"]
[Round "11"]
[White "Stets, Vasilij"]
[Black "Kostiukov, Alexandr"]
[Result "0-1"]
[WhiteElo "2163"]
[BlackElo "2289"]
[PlyCount "80"]
[EventDate "2019.11.12"]
[EventType "swiss"]
[EventRounds "11"]
[EventCountry "ROU"]
[SourceTitle "CBM 193 Extra"]
[Source "ChessBase"]
[SourceDate "2020.01.31"]
[SourceVersion "1"]
[SourceVersionDate "2020.01.31"]
[SourceQuality "1"]

1. d4 Nf6 2. Bf4 c5 3. e3 Qb6 4. Nc3 a6 5. Rb1 cxd4 6. exd4 d5 7. Nf3 Bg4 8. Be2 Nc6 9. Be3 e6 10. 0-0 Bd6 11. h3 Bh5 12. Re1 Qc7 13. Rc1 0-0 14. Nh4 Bxe2 15. Rxe2 Na5 16. Bg5 Nc4 17. b3 Na5 18. Qd3 Rfc8 19. Nb1 Bf4 20. Bxf6 Bxc1 21. Be5 Qe7 22. Qg3 Qg5 23. Qxg5 Bxg5 24. Nf3 Be7 25. c3 b5 26. Bf4 b4 27. Bd2 bxc3 28. Nxc3 Nc6 29. Na4 Rab8 30. Bc3 Bd6 31. g3 Kf8 32. Ne1 Nb4 33. a3 Nc6 34. b4 a5 35. bxa5 Rb3 36. Nc2 Nxa5 37. Bxa5 Ra8 38. Bb4 Bxb4 39. axb4 Rxa4 40. Re3 Rxe3 0-1

[Event "Wch Seniors 50 29th"]
[Site "Bucharest"]
[Date "2019.11.22"]
[Round "10"]
[White "Stets, Vasilij"]
[Black "Berend, Fred"]
[Result "1-0"]
[WhiteElo "2163"]
[BlackElo "2342"]
[PlyCount "91"]
[EventDate "2019.11.12"]
[EventType "swiss"]
[EventRounds "11"]
[EventCountry "ROU"]
[SourceTitle "CBM 193 Extra"]
[Source "ChessBase"]
[SourceDate "2020.01.31"]
[SourceVersion "1"]
[SourceVersionDate "2020.01.31"]
[SourceQuality "1"]

1. d4 Nf6 2. Bf4 d5 3. e3 e6 4. Nf3 c5 5. c3 Nc6 6. Nbd2 Bd6 7. Bg3 0-0 8. Ne5 Ne7 9. Bd3 b6 10. 0-0 Bb7 11. Qe2 Nf5 12. Bf4 Be7 13. Rad1 Nd6 14. h3 Rc8 15. Rfe1 Rc7 16. Ng4 Nfe4 17. f3 Nxd2 18. Rxd2 Re8 19. Rf1 Bf8 20. Qe1 h5 21. Ne5 g5 22. Bh2 f6 23. Ng6 Bh6 24. h4 Rg7 25. hxg5 Bxg5 26. Bxd6 Qxd6 27. f4 f5 28. Ne5 Bf6 29. Rf3 Qd8 30. Rh3 h4 31. Nf3 Rh7 32. g3 hxg3 33. Rxh7 Kxh7 34. Qxg3 Bg7 35. Ng5+ Kg8 36. Qh3 Qf6 37. Qh5 Re7 38. Rh2 Bf8 39. Bb5 cxd4 40. exd4 Rc7 41. Be8 Bg7 42. Bd7 Rxd7 43. Qe8+ Qf8 44. Qxe6+ Rf7 45. Qg6 Qe7 46. Rh8+ 1-0

[Event "Wch Seniors 50 29th"]
[Site "Bucharest"]
[Date "2019.11.21"]
[Round "9"]
[White "Martinez Lopez, Jaime"]
[Black "Stets, Vasilij"]
[Result "0-1"]
[WhiteElo "1985"]
[BlackElo "2163"]
[PlyCount "92"]
[EventDate "2019.11.12"]
[EventType "swiss"]
[EventRounds "11"]
[EventCountry "ROU"]
[SourceTitle "CBM 193 Extra"]
[Source "ChessBase"]
[SourceDate "2020.01.31"]
[SourceVersion "1"]
[SourceVersionDate "2020.01.31"]
[SourceQuality "1"]

1. d4 Nf6 2. Bg5 Ne4 3. Bf4 c5 4. f3 Qa5+ 5. c3 Nf6 6. d5 d6 7. e4 g6 8. Nd2 Qc7 9. a4 Nh5 10. Be3 Bg7 11. g4 Nf6 12. Ne2 h5 13. g5 Nh7 14. Rg1 b6 15. Nf4 a6 16. Bh3 Nd7 17. Qe2 Ne5 18. Bxc8 Qxc8 19. Nd3 Nxd3+ 20. Qxd3 Nf8 21. f4 Nd7 22. Bf2 0-0 23. Bg3 Qc7 24. Kf2 Kh7 25. Kg2 Qb7 26. Nf3 b5 27. axb5 axb5 28. e5 c4 29. Qd2 Nc5 30. Rxa8 Rxa8 31. f5 dxe5 32. Bxe5 Nd3 33. Bxg7 Kxg7 34. Qe3 Qxd5 35. fxg6 Ra2 36. Qxe7 Nf4+ 37. Kg3 Nxg6 38. Qf6+ Kh7 39. Rg2 Ra7 40. Re2 Qd7 41. h3 Qd3 42. Rd2 Qe3 43. Qd4 h4+ 44. Kh2 Qxf3 45. Qxa7 Qg3+ 46. Kh1 Qe1+ 0-1

[Event "Wch Seniors 50 29th"]
[Site "Bucharest"]
[Date "2019.11.20"]
[Round "8"]
[White "Stets, Vasilij"]
[Black "Dvoirys, Semen I"]
[Result "0-1"]
[WhiteElo "2163"]
[BlackElo "2490"]
[PlyCount "118"]
[EventDate "2019.11.12"]
[EventType "swiss"]
[EventRounds "11"]
[EventCountry "ROU"]
[SourceTitle "CBM 193 Extra"]
[Source "ChessBase"]
[SourceDate "2020.01.31"]
[SourceVersion "1"]
[SourceVersionDate "2020.01.31"]
[SourceQuality "1"]

1. d4 Nf6 2. Bf4 c5 3. e3 Qb6 4. Nc3 d6 5. Rb1 g6 6. Nf3 Bg7 7. Be2 0-0 8. 0-0 a6 9. Bg5 Nbd7 10. a4 h6 11. Bh4 g5 12. Bg3 cxd4 13. Nxd4 Nc5 14. h3 Nce4 15. Nxe4 Nxe4 16. Bh2 e5 17. Nb3 Be6 18. Nd2 d5 19. Kh1 Rfd8 20. Nf3 f6 21. Qe1 Rac8 22. a5 Qc6 23. c3 Bf5 24. Ra1 Nd6 25. Nd2 Re8 26. Qd1 Rcd8 27. Qa4 Qc5 28. Nb3 Qc7 29. Nd2 Kh8 30. Rad1 Be6 31. Rfe1 Qf7 32. Qb4 Bf8 33. Qa4 Bd7 34. Qb3 Bc6 35. Kg1 Bg7 36. Qb4 Qg6 37. c4 Bf8 38. cxd5 Bxd5 39. Qa4 Rc8 40. Rc1 Qf7 41. Qa1 Bc6 42. Red1 Qd5 43. Bf3 Qb5 44. Bxc6 Rxc6 45. Rxc6 Qxc6 46. b3 Qc2 47. Qc1 Rc8 48. Qxc2 Rxc2 49. f4 gxf4 50. exf4 e4 51. Nf1 Nf5 52. g4 Nd4 53. Kh1 Nf3 54. Bg3 Bc5 55. Rd8+ Kg7 56. Re8 Re2 57. Rc8 Bf2 58. Rc7+ Kg8 59. Rxb7 Bxg3 0-1

[Event "Wch Seniors 50 29th"]
[Site "Bucharest"]
[Date "2019.11.16"]
[Round "5"]
[White "Rinas, Oleg G"]
[Black "Stets, Vasilij"]
[Result "1/2-1/2"]
[WhiteElo "2420"]
[BlackElo "2163"]
[PlyCount "91"]
[EventDate "2019.11.12"]
[EventType "swiss"]
[EventRounds "11"]
[EventCountry "ROU"]
[SourceTitle "CBM 193 Extra"]
[Source "ChessBase"]
[SourceDate "2020.01.31"]
[SourceVersion "1"]
[SourceVersionDate "2020.01.31"]
[SourceQuality "1"]

1. e4 g6 2. Nc3 Bg7 3. g3 c5 4. Bg2 Nc6 5. f4 d6 6. Nf3 e6 7. 0-0 Nge7 8. d3 0-0 9. Be3 Nd4 10. Qd2 Rb8 11. Nd1 b5 12. c3 Nxf3+ 13. Bxf3 b4 14. d4 bxc3 15. bxc3 Ba6 16. Rf2 Qc7 17. g4 f5 18. h3 Bb7 19. exf5 Bxf3 20. Rxf3 exf5 21. Rc1 Qc6 22. Rf1 c4 23. d5 Qxd5 24. Qe2 Qd3 25. Qxd3 cxd3 26. g5 Nd5 27. Bd2 Rfc8 28. Rf3 Rc4 29. Rxd3 Nxf4 30. Bxf4 Rxf4 31. Rxd6 Ra4 32. Rc2 Be5 33. Rd7 Bf4 34. c4 Rc8 35. c5 Ra6 36. h4 Rac6 37. Rxa7 Rxc5 38. Rxc5 Rxc5 39. Kg2 Rc1 40. Kf3 Rxd1 41. Kxf4 Re1 42. a4 Re4+ 43. Kg3 Re3+ 44. Kg2 Re4 45. Kg3 Re3+ 46. Kg2 1/2-1/2

[Event "Wch Seniors 50 29th"]
[Site "Bucharest"]
[Date "2019.11.13"]
[Round "2"]
[White "Stets, Vasilij"]
[Black "Movsziszian, Karen"]
[Result "0-1"]
[WhiteElo "2163"]
[BlackElo "2470"]
[PlyCount "88"]
[EventDate "2019.11.12"]
[EventType "swiss"]
[EventRounds "11"]
[EventCountry "ROU"]
[SourceTitle "CBM 193 Extra"]
[Source "ChessBase"]
[SourceDate "2020.01.31"]
[SourceVersion "1"]
[SourceVersionDate "2020.01.31"]
[SourceQuality "1"]

1. d4 d6 2. Nf3 g6 3. b3 Bg7 4. Bb2 f5 5. e3 Nh6 6. c4 0-0 7. Be2 c6 8. Qc2 Nd7 9. Nc3 e5 10. dxe5 dxe5 11. Rd1 Qe7 12. 0-0 e4 13. Nd4 Ne5 14. a3 g5 15. b4 g4 16. c5 Rf6 17. Kh1 Nhf7 18. f4 exf3 19. gxf3 gxf3 20. Bxf3 Bd7 21. Nce2 Ng4 22. Bxg4 fxg4 23. Rxf6 Qxf6 24. Nf4 Qh6 25. Rg1 Re8 26. Bc1 Qg5 27. Qc4 Qe5 28. Qd3 Ng5 29. Rg3 Ne4 30. Rg2 Nf6 31. Qc4+ Kh8 32. Qd3 Nd5 33. Nxd5 Qxd5 34. Bb2 Kg8 35. Kg1 h5 36. Rf2 Re4 37. Qf1 h4 38. Bc1 Rxd4 39. exd4 Bxd4 40. Bf4 Qe4 41. Qc1 Be6 42. Bd6 Be3 43. Qe1 Bd5 44. Kf1 Bc4+ 0-1

[Event "UKR-ch blitz"]
[Site "Omelnyk"]
[Date "2017.10.14"]
[Round "1"]
[White "Mirzoev, Emil"]
[Black "Stets, Vasilij"]
[Result "1-0"]
[WhiteElo "2403"]
[BlackElo "2152"]
[PlyCount "39"]
[EventDate "2017.10.14"]
[EventType "swiss (blitz)"]
[EventRounds "9"]
[EventCountry "UKR"]
[SourceTitle "CBM 181 Extra"]
[Source "ChessBase"]
[SourceDate "2017.12.12"]
[SourceVersion "1"]
[SourceVersionDate "2017.12.12"]
[SourceQuality "1"]

1. d4 Nf6 2. Nc3 c5 3. dxc5 e6 4. e4 Qa5 5. Bd2 Bxc5 6. e5 Ng8 7. Qg4 Bf8 8. Nf3 h5 9. Qe4 Qb6 10. 0-0-0 d5 11. exd6 Bxd6 12. Nb5 Nf6 13. Qc4 Bd7 14. Nxd6+ Qxd6 15. Bb4 Qc6 16. Qb3 a5 17. Ba3 Na6 18. Ne5 Qc8 19. Nc4 Qc7 20. Nd6+ 1-0

[Event "Mukachevo Summer op"]
[Site "Mukachevo"]
[Date "2016.06.29"]
[Round "1"]
[White "Frolov, Artur"]
[Black "Stets, Vasilij"]
[Result "1-0"]
[WhiteElo "2459"]
[BlackElo "2159"]
[PlyCount "61"]
[EventDate "2016.06.29"]
[EventType "swiss"]
[EventRounds "9"]
[EventCountry "UKR"]
[SourceTitle "CBM 173 Extra"]
[Source "ChessBase"]
[SourceDate "2016.08.29"]
[SourceVersion "1"]
[SourceVersionDate "2016.08.29"]
[SourceQuality "1"]

1. e4 c5 2. Nf3 Nc6 3. d4 cxd4 4. Nxd4 g6 5. c4 Nf6 6. Nc3 Nxd4 7. Qxd4 d6 8. Be3 Bg7 9. Be2 0-0 10. Qd2 Be6 11. Rc1 Qa5 12. f3 Rfc8 13. b3 a6 14. Nd5 Qxd2+ 15. Kxd2 Bxd5 16. cxd5 e6 17. dxe6 fxe6 18. Rhd1 d5 19. exd5 Nxd5 20. Bc4 b5 21. Bxd5 exd5 22. Kd3 d4 23. Rxc8+ Rxc8 24. Rc1 Ra8 25. Bf4 Bf6 26. Rc6 Kf7 27. Rc7+ Ke6 28. Rxh7 Rc8 29. Rc7 Rxc7 30. Bxc7 Kf5 31. g4+ 1-0

[Event "Lvov Winter Cup"]
[Site "Lvov"]
[Date "2016.02.07"]
[Round "7"]
[White "Stets, Vasilij"]
[Black "Lopadchak, Myroslav"]
[Result "1-0"]
[WhiteElo "2164"]
[BlackElo "2019"]
[PlyCount "65"]
[EventDate "2016.02.05"]
[EventType "swiss"]
[EventRounds "7"]
[EventCountry "UKR"]
[SourceTitle "EXT 2017"]
[Source "ChessBase"]
[SourceDate "2016.10.25"]
[SourceVersion "1"]
[SourceVersionDate "2016.10.25"]
[SourceQuality "1"]

1. d4 e6 2. Bf4 c5 3. e3 Nf6 4. c3 Nc6 5. Nd2 d5 6. Ngf3 Bd6 7. Bg3 0-0 8. Bd3 Re8 9. Ne5 Be7 10. f4 g6 11. Bf2 cxd4 12. exd4 Nh5 13. Qf3 Nxe5 14. dxe5 f6 15. g4 Ng7 16. h4 fxe5 17. fxe5 Rf8 18. Qg3 Kh8 19. Nf3 Bd7 20. Nd4 Rf7 21. Be3 Qc7 22. 0-0-0 Raf8 23. Rdf1 Qd8 24. Rxf7 Rxf7 25. h5 gxh5 26. gxh5 a6 27. h6 Ne8 28. Rf1 Rxf1+ 29. Bxf1 Bh4 30. Qg4 a5 31. Bd3 a4 32. Qf4 Qe7 33. Nf3 1-0

[Event "Lvov Winter Cup"]
[Site "Lvov"]
[Date "2016.02.06"]
[Round "4"]
[White "Stets, Vasilij"]
[Black "Basko, Bogdan"]
[Result "1/2-1/2"]
[WhiteElo "2164"]
[BlackElo "2183"]
[PlyCount "76"]
[EventDate "2016.02.05"]
[EventType "swiss"]
[EventRounds "7"]
[EventCountry "UKR"]
[SourceTitle "EXT 2017"]
[Source "ChessBase"]
[SourceDate "2016.10.25"]
[SourceVersion "1"]
[SourceVersionDate "2016.10.25"]
[SourceQuality "1"]

1. d4 Nf6 2. Nf3 d6 3. Bf4 Nbd7 4. e3 g6 5. h3 Bg7 6. Be2 0-0 7. 0-0 b6 8. Nbd2 Bb7 9. a4 a6 10. Bh2 Ne4 11. c3 Ndf6 12. Nc4 Qd7 13. Ne1 d5 14. Ne5 Qc8 15. a5 b5 16. Qc1 Bh6 17. b4 Nd6 18. N1d3 Nc4 19. h4 Ne4 20. Ng4 Bg7 21. f3 Ned2 22. Nc5 Nxf1 23. Bxf1 Nd6 24. Bd3 f6 25. Qc2 Bc6 26. h5 gxh5 27. Bxd6 exd6 28. Bxh7+ Kh8 29. Bf5 Qe8 30. g3 dxc5 31. Kg2 Bd7 32. Bg6 Qe7 33. Rh1 Bxg4 34. fxg4 Qxe3 35. Rxh5+ Bh6 36. g5 f5 37. Rxh6+ Kg7 38. Bxf5 Rae8 1/2-1/2

[Event "Lvov Winter Cup"]
[Site "Lvov"]
[Date "2016.02.06"]
[Round "5"]
[White "Vypkhaniuk, Igor"]
[Black "Stets, Vasilij"]
[Result "1-0"]
[WhiteElo "2333"]
[BlackElo "2164"]
[PlyCount "97"]
[EventDate "2016.02.05"]
[EventType "swiss"]
[EventRounds "7"]
[EventCountry "UKR"]
[SourceTitle "EXT 2017"]
[Source "ChessBase"]
[SourceDate "2016.10.25"]
[SourceVersion "1"]
[SourceVersionDate "2016.10.25"]
[SourceQuality "1"]

1. d4 Nf6 2. Nf3 c5 3. c4 cxd4 4. Nxd4 g6 5. g3 Bg7 6. Bg2 0-0 7. 0-0 Nc6 8. Nc3 Nxd4 9. Qxd4 d6 10. Qd3 Bf5 11. e4 Be6 12. Bd2 Nd7 13. b3 a5 14. Rab1 Nc5 15. Qe2 Bd7 16. Rfd1 Bc6 17. Be1 Rb8 18. Rbc1 Qb6 19. Nd5 Qd8 20. Rb1 Nd7 21. Bd2 Re8 22. Qe1 Ra8 23. Rbc1 a4 24. b4 a3 25. Nc3 Ne5 26. Qe2 Bd7 27. Be3 Bg4 28. f3 Be6 29. Nd5 Nd7 30. Nf4 Bb2 31. Nxe6 fxe6 32. Bh3 Nf8 33. Rc2 Ra4 34. Qe1 Qc7 35. c5 b6 36. Bf1 Rb8 37. Bb5 Raa8 38. c6 Kg7 39. f4 Bf6 40. g4 Kh8 41. g5 Bg7 42. h4 h5 43. Qe2 Rd8 44. Kh1 d5 45. e5 Kg8 46. Bd4 Rdc8 47. Rdc1 Kh7 48. Ba6 Rcb8 49. b5 1-0

[Event "Lvov Winter Cup"]
[Site "Lvov"]
[Date "2016.02.05"]
[Round "2"]
[White "Motyka, Volodymyr"]
[Black "Stets, Vasilij"]
[Result "0-1"]
[WhiteElo "1695"]
[BlackElo "2164"]
[PlyCount "94"]
[EventDate "2016.02.05"]
[EventType "swiss"]
[EventRounds "7"]
[EventCountry "UKR"]
[SourceTitle "EXT 2017"]
[Source "ChessBase"]
[SourceDate "2016.10.25"]
[SourceVersion "1"]
[SourceVersionDate "2016.10.25"]
[SourceQuality "1"]

1. e4 c5 2. Nf3 Nc6 3. d4 cxd4 4. Nxd4 g6 5. c4 Nf6 6. Nc3 Nxd4 7. Qxd4 d6 8. Be2 Bg7 9. 0-0 0-0 10. Qd3 a5 11. Be3 a4 12. f3 Qa5 13. Rac1 Bd7 14. Rfd1 Rfc8 15. Rc2 Kf8 16. Bf1 Bc6 17. Nd5 Nd7 18. Bd4 Bxd5 19. Bxg7+ Kxg7 20. exd5 Kg8 21. Qe4 Re8 22. Bd3 Nc5 23. Qd4 e5 24. dxe6 Rxe6 25. Be4 Nxe4 26. fxe4 Rae8 27. Qd5 Qb4 28. Qd2 Qc5+ 29. Qd4 Rxe4 30. Qxc5 dxc5 31. Rd7 R8e7 32. Rd8+ Kg7 33. Kf2 Rf4+ 34. Kg3 g5 35. Rd3 h5 36. h3 h4+ 37. Kh2 f5 38. g3 Rfe4 39. gxh4 gxh4 40. Kg1 Kf6 41. Kf2 Rf4+ 42. Rf3 Rxf3+ 43. Kxf3 Re4 44. b3 a3 45. Rd2 Rd4 46. Re2 Rd3+ 47. Kg2 Rd1 0-1

[Event "Moscow op-B"]
[Site "Moscow"]
[Date "2009.11.20"]
[Round "1"]
[White "Shilnikov, Igor S"]
[Black "Stets, Vasilij"]
[Result "0-1"]
[WhiteElo "1963"]
[BlackElo "2239"]
[PlyCount "68"]
[EventDate "2009.01.31"]
[EventType "swiss"]
[EventRounds "9"]
[EventCountry "RUS"]
[SourceTitle "EXT 2012"]
[Source "ChessBase"]
[SourceDate "2011.11.24"]
[SourceVersion "1"]
[SourceVersionDate "2011.11.24"]
[SourceQuality "1"]

1. d4 Nf6 2. Nf3 g6 3. c4 c5 4. e3 Bg7 5. Nc3 0-0 6. Be2 cxd4 7. exd4 d5 8. b3 Ne4 9. Bb2 Qa5 10. Rc1 Bh6 11. Rc2 Bf5 12. Bd3 Nc6 13. a3 dxc4 14. bxc4 Rad8 15. Qe2 Ng5 16. d5 Nxf3+ 17. gxf3 Nd4 18. Qd1 Nxc2+ 19. Bxc2 Bg7 20. Qd2 Bxc2 21. Qxc2 Rc8 22. Qb3 b5 23. 0-0 bxc4 24. Qc2 Rb8 25. Na4 Bxb2 26. Nxb2 Qxd5 27. Qc3 Rb3 28. Qc2 Qxf3 29. Re1 Rb5 30. Re3 Rg5+ 31. Kf1 Qg2+ 32. Ke2 Rf5 33. Nd1 Qxh2 34. Ke1 Rd8 0-1

[Event "Geller Memorial op-A 5th"]
[Site "Odessa"]
[Date "2009.08.25"]
[Round "6"]
[White "Chudinovskih, Alexander N"]
[Black "Stets, Vasilij"]
[Result "0-1"]
[WhiteElo "2375"]
[BlackElo "2241"]
[PlyCount "96"]
[EventDate "2009.08.20"]
[EventType "swiss"]
[EventRounds "9"]
[EventCountry "UKR"]
[SourceTitle "CBM 132 Extra"]
[Source "ChessBase"]
[SourceDate "2009.11.03"]
[SourceVersion "1"]
[SourceVersionDate "2009.11.03"]
[SourceQuality "1"]

1. e4 c5 2. Nf3 Nc6 3. d4 cxd4 4. Nxd4 g6 5. c4 Nf6 6. Nc3 Nxd4 7. Qxd4 d6 8. Bg5 Bg7 9. Be2 0-0 10. Qd2 Be6 11. Rc1 Qa5 12. b3 Rfc8 13. Bxf6 Bxf6 14. h4 a6 15. Nd5 Qxd2+ 16. Kxd2 Bxd5 17. exd5 b5 18. f4 b4 19. h5 a5 20. hxg6 hxg6 21. Bd1 Rc5 22. Rh3 Rac8 23. Be2 Ra8 24. Bd1 Kg7 25. g4 Rcc8 26. g5 Bc3+ 27. Ke3 Rh8 28. Bg4 Rxh3+ 29. Bxh3 a4 30. Rxc3 bxc3 31. b4 Rh8 32. Bd7 Rh2 33. Bxa4 Rxa2 34. Bb3 Ra1 35. b5 Kf8 36. c5 dxc5 37. d6 exd6 38. b6 Ra6 39. b7 Rb6 40. Bd5 Ke7 41. Kd3 f6 42. Kxc3 fxg5 43. fxg5 Kd7 44. Kd3 Kc7 45. Be4 Rb4 46. Bxg6 Rg4 47. Be8 Rxg5 48. Bc6 Rg4 0-1

[Event "Geller Memorial op-A 5th"]
[Site "Odessa"]
[Date "2009.08.24"]
[Round "5"]
[White "Stets, Vasilij"]
[Black "Fingerov, Dmitry"]
[Result "0-1"]
[WhiteElo "2241"]
[BlackElo "2376"]
[PlyCount "56"]
[EventDate "2009.08.20"]
[EventType "swiss"]
[EventRounds "9"]
[EventCountry "UKR"]
[SourceTitle "CBM 132 Extra"]
[Source "ChessBase"]
[SourceDate "2009.11.03"]
[SourceVersion "1"]
[SourceVersionDate "2009.11.03"]
[SourceQuality "1"]

1. e4 e6 2. d4 d5 3. e5 c5 4. c3 Qb6 5. Nf3 Bd7 6. a3 a5 7. b3 Nc6 8. Be3 Nh6 9. Bd3 Be7 10. 0-0 Ng4 11. Ra2 f5 12. exf6 gxf6 13. Nh4 f5 14. h3 Nxe3 15. Qh5+ Kd8 16. fxe3 cxd4 17. cxd4 Nxd4 18. Kh1 Nc6 19. Re1 Ne5 20. Rd2 Qd6 21. Nc3 Be8 22. Qh6 Nf7 23. Qh5 Qg3 24. Red1 Qxh4 25. Qe2 Nd6 26. e4 Rc8 27. exf5 Rxc3 28. fxe6 Bc6 0-1